书目信息 |
| 题名: |
现代文献检索与利用
|
|
| 作者: | 饶宗政 主编 | |
| 分册: | ||
| 出版信息: | 北京 机械工业出版社 2016.05 |
|
| 页数: | 266页 | |
| 开本: | 20cm | |
| 丛书名: | ||
| 单 册: | ||
| 中图分类: | G252.7 | |
| 科图分类: | ||
| 主题词: | 图书馆学 , 图书馆事业 | |
| 电子资源: | ||
| ISBN: | 7-111-53320-8 | |
| 000 | 00661nam0 2200217 450 | |
| 001 | 5834 | |
| 005 | 20161214091501.64 | |
| 010 | @a7-111-53320-8@b平装@dCNY36.00 | |
| 100 | @a20150820d2016 km y0chiy0120 ea | |
| 101 | 0 | @achi |
| 102 | @aCN@b110000 | |
| 200 | 1 | @a现代文献检索与利用@Axian dai wen xian jian suo yu li yong@f饶宗政主编@Frao zong zheng zhu bian |
| 210 | @a北京@c机械工业出版社@d2016.05 | |
| 215 | @a266页@d20cm | |
| 330 | @a情报检索-高等学校-教材 | |
| 606 | 0 | @a图书馆学 |
| 606 | 0 | @a图书馆事业 |
| 690 | @aG252.7@v4 | |
| 701 | 0 | @a饶宗政@Arao zong zheng@4主编 |
| 801 | 0 | @aCN@b大连网信软件有限公司图书馆·11@c20161214 |
| 905 | @aZUCC@dG252.7@e104 | |
| 现代文献检索与利用/饶宗政主编.-北京:机械工业出版社,2016.05 |
| 266页;20cm |
| ISBN 7-111-53320-8(平装):CNY36.00 |
| 情报检索-高等学校-教材 |
| ● |
| 相关链接 |
|
|
|
|
正题名:现代文献检索与利用
索取号:G252.7/104
 
预约/预借
| 序号 | 登录号 | 条形码 | 馆藏地/架位号 | 状态 | 备注 |
| 1 | 913366 | 209133668 | 第一样本阅览室/ [索取号:G252.7/104] | 在馆 | |
| 2 | 913367 | 209133677 | 第四借阅区/ [索取号:G252.7/104] | 在馆 | |
| 3 | 913368 | 209133686 | 第四借阅区/ [索取号:G252.7/104] | 在馆 | |
| 4 | 913369 | 209133695 | 第四借阅区/ [索取号:G252.7/104] | 在馆 | |
| 5 | 913370 | 209133702 | 第四借阅区/ [索取号:G252.7/104] | 在馆 |